000 00566nam a2200229Ia 4500
003 OSt
005 20220924132721.0
006 a|||||r|||| 00| 0
007 ta
008 220923b |||||||| |||| 00| 0 san d
024 _a98745
037 _cTextual
040 _aARTS
_cARTS
_bsan
041 _2san
_asan
082 _aV2:25wM89, 15J0
100 _aShastri Jai Ram
_9204811
245 0 _aJawahar samajayam
260 _c1950
650 _aHISTORY
942 _hV2:25wM89, 15J0
_cTEXL
_2CC
999 _c431278
_d431278